00682nam a2200241 a 4500001001300000003000900013005001700022008004100039020001000080082001500090100001600105245004000121260004500161300000900206500003500215505001100250650004000261700001600301902000800317942000700325952009500332999001300427nice12345678IN_TiNIC20260116011313.0050524s1893 newa grp 000 0 eng  ac10000a221.6bCHE aCheyne, T K aFounders of Old Testament Criticism aNew YorkbCharles Scribner`s Sons,c1893 a327p aincludes index and biblioraphy2 aIllus. aBible O.T. Criticism & Interpretati1 aCheyne, T K bSRS cBK 00104070aHMIbHMId2007-06-18g100.00l0o221.6 CHEp1727r2007-06-18w2026-01-16yARB c339d339